00857cam a2200229 a 4500001001000000003000900010005001700019008004100036020001500077040002500092082002300117100003300140245011600173260007200289300002600361504005800387650003700445650003700482650004100519650002700560700004000587000012623DO-SdBNP20260323134618.0000719s1999 ck b 001 0 spa  a9586760782 aDO-SdBNPbspacBNPHU 4a342.861bA973e2221 aAyala Caldas, Jorge Enrique.10aElementos de derecho administrativo general /cJorge Enrique Ayala Caldas ; prólogo Alberto Aguirre Quintero. aSantafé de Bogotá, Colombia :bEdiciones Doctrina y Ley,c1999. axxx, 791 p. ;c24 cm. aIncluye referencias bibliográficas (p. [783] -791). 4aDerecho administrativozColombia 4aDerecho constitucionalzColombia 4aAdministración públicaxColombia 0aActos administrativos 1 aAguirre Quintero, Alberto,epról.